000 00664nam a2200253Ia 4500
003 OSt
005 20220912152750.0
006 a|||||r|||| 00| 0
007 ta
008 220909b |||||||| |||| 00| 0 eng d
024 _a35374
037 _cTextual
040 _aCSL
_beng
_cCSL
041 _aeng
082 _aY172:1:12.253110T, K3;1
100 _aGupta Narendra Kumar Das
245 0 _aProblems of tribal eduaction and the santhals
260 _c1963
300 _ap.
_ccm.
650 _a Sociology
650 _aTribes
942 _hY172:1:12.253110T, K3;1
_cTEXL
_2CC
999 _c91662
_d91662